000 00441nam a22001817a 4500
003 MPLRDC
005 20220104125655.0
008 210129b ||||| |||| 00| 0 eng d
020 _a7-80534-038-2
082 _a857.456 WZL c.2
100 _a王召里整理
245 _a海瑞传奇
_c
250 _a一版一刷
260 _a
_b海陕文艺出版社
_c1987
300 _b
650 _a历史小说
942 _cBK
_o857.456 WZL c.2
999 _c29245
_d29235